| 000 | 00839nam a2200193 a 4500 | ||
|---|---|---|---|
| 001 | 000248518 | ||
| 003 | AM-YeHGA | ||
| 005 | 20250618071652.0 | ||
| 008 | 030718s1973 ai 000 | arm d | ||
| 040 | _aAM-YeHGA | ||
| 245 | 1 | 0 |
_aՊատմվածքներ սիրո մասին / _cԱ. Մանևիչ; Թարգմ. ռուս.՝ Ա. Շարուրյան; Խմբ.՝ Ռ. Քալաշյան; Նկ.՝ Ա. Սալտանով. |
| 260 |
_aԵրևան : _bՀայաստան, _c1973. |
||
| 300 |
_a269 էջ : _bնկ. ; _c20 սմ. |
||
| 505 | 0 | _aԵրբ դու մնացիր մենակ; Կրակ բոլորի համար | |
| 650 | 1 | 4 |
_aՌուս գրականություն _xՊատմվածք _94645 |
| 700 | 1 |
_aՇարուրյան, Ալբերտ Սրապիոնի, _d1931-2007 _eթարգմ. _4trl _91314 |
|
| 700 | 1 |
_aՔալաշյան, Ռ.Հ. _eխմբ. _4edt |
|
| 090 | _c90111 | ||
| 999 |
_c88825 _d88825 |
||